Michael B. Jordan Filmography - Statistics

General Stats
  • This quiz has been taken 147 times
    58 since last reset
  • The average score is 15 of 72
Answer Stats
Type Year Name % Correct
Film 2015 Creed
93%
Film 2018 Black Panther
90%
Film 2018 Creed II
87%
Film 2023 Creed III
83%
Film 2025 Sinners
80%
Film 2022 Black Panther: Wakanda Forever
53%
Film 2015 Fantastic Four
43%
Film 2013 Fruitvale Station
43%
Film TBA Creed IV
40%
Film 2021 Without Remorse
37%
Film 2012 Chronicle
33%
Film 2019 Just Mercy
33%
Film 2012 Red Tails
30%
Film 2018 Kin
27%
TV Show 2023 Saturday Night Live
27%
TV Show 2002 The Wire
27%
Web Series 2021 What If...?
27%
Film 2021 A Journal for Jordan
23%
Film 2018 Fahrenheit 451
23%
Film 2014 That Awkward Moment
23%
TV Show 2009-2011 Friday Night Lights
20%
Film 2001 Hardball
20%
Film TBA I Am Legend 2
20%
Film 2021 Space Jam: A New Legacy
20%
Film 2027 The Thomas Crown Affair
20%
Film 1999 Black and White
17%
Film 2007 Blackout
17%
Film 2012 Hotel Noir
17%
Film 2009 Pastor Brown
17%
Film TBA Rainbow Six
17%
Film TBA Wrong Answer
17%
TV Show 2009 Bones
13%
Video Game 2018 Creed: Rise to Glory
13%
TV Show 2012 House
13%
Film 2013 Justice League: The Flashpoint Paradox
13%
Short Film 2013 Making a Scene
13%
TV Show 2010-2011 Parenthood
13%
Short Film 2016 Against the Wall
10%
TV Show 2003-2006 All My Children
10%
TV Show 2009 Burn Notice
10%
Short Film 2019 Coach: Words Matter
10%
TV Show 2007 Cold Case
10%
TV Show 1999 Cosby
10%
TV Pilot 2012 County
10%
Video Game 2023 Creed: Rise to Glory - Championship Edition
10%
TV Show 2006 CSI: Crime Scene Investigation
10%
Music Video 2009 Did You Wrong
10%
Music Video 2017 Family Feud
10%
Web Series 2018-2021 gen:LOCK
10%
TV Show 2010 Law & Order: Criminal Intent
10%
TV Show 2010, 2011 Lie to me*
10%
Web Series 2021 Love, Death & Robots
10%
Video Game 2016 NBA 2K17
10%
Web Series 2019, 2022 Raising Dion
10%
Music Video 2019 Show Me Love
10%
TV Show 2009 The Assistants
10%
TV Show 2005, 2014 The Boondocks
10%
TV Show 1999 The Sopranos
10%
Music Video 2019 Whoa
10%
Video Game 2017 Wilson's Heart
10%
TV Show 2006 Without a Trace
10%
Documentary Series 2022 America the Beautiful
7%
Commercial 2016 Apple TV
7%
Documentary Series 2015 30 for 30
3%
Commercial 2016-2020 Acura
3%
Commercial 2017 AT&T
3%
TV Show 2016 Big Bad BBQ Brawl
3%
Video Game 2011 Gears of Me 3
3%
Web Series 2025 Hot Ones Versus
3%
TV Show 2015 Punk'd
3%
TV Show 2014 Ridiculousness
3%
TV Show 2015 Running Wild with Bear Grylls
3%
No matching quizzes found
Score Distribution
Percent of People with Each Score
Percentile by Number Answered
Your Score History
You have not taken this quiz since the last reset